[Event "DEM U14w 2013"]
[Site "Oberhof GER"]
[Date "2013.05.19"]
[Round "1"]
[White "Rogozenco, Teodora"]
[Black "Schumann, Rabea"]
[Result "1/2-1/2"]
[Termination "normal"]
[Board "1"]
[WhiteElo "1821"]
[BlackElo "1497"]
[PlyCount "162"]
[WhiteFideId "12938084"]
[BlackFideId "12918199"]
[EventCountry "GER"]
[EventRounds "9"]
[EventType "swiss"]
[EventDate "2013.05.18"]

1. d4 Nf6 2. c4 c5 3. d5 b5 4. Qc2 Na6 5. a3 bxc4 6. e4 Nc7 7. Bxc4 d6 8. Nc3
e6 9. dxe6 Bxe6 10. Bxe6 fxe6 11. Nf3 Be7 12. O-O O-O 13. e5 Nfd5 14. exd6 Bxd6
15. Ne4 Qe7 16. Bg5 Nf6 17. Rac1 Ncd5 18. Nxd6 Qxd6 19. Qxc5 Qxc5 20. Rxc5 Ne4
21. Rc4 Rxf3 22. Rxe4 Rb3 23. Bc1 Kf7 24. Rfe1 Re8 25. f4 Rbb8 26. b4 g6 27. g4
Rbc8 28. R4e2 Rc4 29. Re4 Rec8 30. Bd2 Rc2 31. Be3 Nxe3 32. R1xe3 Rc1+ 33. Kf2
R8c2+ 34. Re2 Rxe2+ 35. Rxe2 Rc3 36. Re3 Rc2+ 37. Kg3 Ra2 38. h3 h6 39. Kf3 Rd2
40. Rc3 Kf6 41. Ke4 Rd6 42. Rc7 Ra6 43. Rh7 Rxa3 44. h4 g5 45. Rxh6+ Kf7 46.
hxg5 Ra4 47. Ke5 Rxb4 48. Rh7+ Kg6 49. Rxa7 Rb5+ 50. Kxe6 Rb6+ 51. Ke7 Re6+ 52.
Kd7 Rd6+ 53. Kc8 Rd8+ 54. Kc7 Rc8+ 55. Kd7 Rd8+ 56. Ke7 Re8+ 57. Kd6 Re6+ 58.
Kd5 Rd6+ 59. Kc5 Rd5+ 60. Kb6 Rd6+ 61. Kc7 Rc6+ 62. Kd8 Rc8+ 63. Kd7 Rd8+ 64.
Kc7 Rc8+ 65. Kb7 Rb8+ 66. Kc6 Rb6+ 67. Kd5 Rd6+ 68. Ke4 Rd4+ 69. Ke5 Rd5+ 70.
Ke6 Rd6+ 71. Ke7 Re6+ 72. Kd8 Re8+ 73. Kc7 Rc8+ 74. Kb6 Rc6+ 75. Ka5 Rc5+ 76.
Kb4 Rc4+ 77. Kb5 Rc5+ 78. Kb6 Rc6+ 79. Kb7 Rb6+ 80. Kc8 Rb8+ 81. Kd7 Rd8+
1/2-1/2

[Event "DEM U14w 2013"]
[Site "Oberhof GER"]
[Date "2013.05.19"]
[Round "1"]
[White "Denkert, Anna"]
[Black "Wiesner, Paula"]
[Result "1/2-1/2"]
[Termination "normal"]
[Board "2"]
[WhiteElo "1592"]
[BlackElo "1831"]
[PlyCount "70"]
[WhiteFideId "12938122"]
[BlackFideId "24654019"]
[EventCountry "GER"]
[EventRounds "9"]
[EventType "swiss"]
[EventDate "2013.05.18"]

1. e4 e6 2. d4 d5 3. exd5 exd5 4. c4 Nf6 5. Nf3 Be7 6. Nc3 Nbd7 7. Be2 dxc4 8.
Bxc4 Nb6 9. Be2 O-O 10. O-O Nbd5 11. Qb3 c6 12. h3 Qc7 13. Be3 h6 14. Bc4 Be6
15. Rac1 Qd6 16. Ne5 b5 17. Bxd5 Nxd5 18. Ne4 Nxe3 19. Qxe3 Qd5 20. Nxc6 Bd6
21. Nxd6 Qxd6 22. d5 Bd7 23. Rfd1 Rfe8 24. Qb3 a6 25. Qc3 Re2 26. Rc2 Rae8 27.
Rxe2 Rxe2 28. Kf1 Re4 29. f3 Rc4 30. Qd3 Bxc6 31. dxc6 Qxc6 32. Qd8+ Kh7 33.
Qd3+ Kg8 34. Qd8+ Kh7 35. Qd3+ Kg8 1/2-1/2

[Event "DEM U14w 2013"]
[Site "Oberhof GER"]
[Date "2013.05.19"]
[Round "1"]
[White "Brandl, Lea"]
[Black "Döpper, Anna Berenice"]
[Result "1-0"]
[Termination "normal"]
[Board "3"]
[WhiteElo "1708"]
[BlackElo "1532"]
[PlyCount "81"]
[WhiteFideId "24693049"]
[BlackFideId "1271853"]
[EventCountry "GER"]
[EventRounds "9"]
[EventType "swiss"]
[EventDate "2013.05.18"]

1. d4 Nf6 2. c4 c5 3. d5 e5 4. Nc3 d6 5. e4 Be7 6. g3 O-O 7. Bg2 Ne8 8. Nge2
Kh8 9. O-O g6 10. Bh6 Rg8 11. Be3 f5 12. f4 Bf6 13. Qd2 Ng7 14. Rae1 Nd7 15.
Kh1 Re8 16. a3 b6 17. b3 a6 18. Bg1 Rb8 19. fxe5 Nxe5 20. Nf4 Bg5 21. Be3 Ng4
22. Nxg6+ hxg6 23. Bxg5 Qc7 24. h3 Ne5 25. Bf4 Bd7 26. Bxe5 Rxe5 27. Qh6+ Kg8
28. Qxg6 Be8 29. Qh6 Bf7 30. exf5 Rxf5 31. Rxf5 Nxf5 32. Qg5+ Ng7 33. Ne4 Qd8
34. Nf6+ Kf8 35. Qh6 Bg8 36. Re8+ Qxe8 37. Nxe8 Rxe8 38. Qxd6+ Re7 39. Qf4+ Bf7
40. d6 Re1+ 41. Kh2 1-0

[Event "DEM U14w 2013"]
[Site "Oberhof GER"]
[Date "2013.05.19"]
[Round "1"]
[White "Sherif, Amina"]
[Black "Ley, Sabrina"]
[Result "1-0"]
[Termination "normal"]
[Board "5"]
[WhiteElo "1630"]
[BlackElo "1479"]
[PlyCount "62"]
[WhiteFideId "12911690"]
[BlackFideId "12938130"]
[EventCountry "GER"]
[EventRounds "9"]
[EventType "swiss"]
[EventDate "2013.05.18"]

1. e4 e6 2. d4 d5 3. Nd2 Bd7 4. Bd3 Ne7 5. Ne2 Ng6 6. c3 Be7 7. O-O O-O 8. Re1
c6 9. Nf3 Qc7 10. Ng3 Na6 11. exd5 cxd5 12. Nf1 Bd6 13. Qc2 Rac8 14. Ne3 Nb8
15. Bd2 Nc6 16. Rac1 Qb8 17. Qb1 a6 18. h4 Rfe8 19. h5 Nf8 20. Ng5 g6 21. Ng4
Re7 22. Nh3 e5 23. Nf6+ Kg7 24. Nxd5 Ree8 25. dxe5 Nxe5 26. Ng5 Ng4 27. hxg6
Bc5 28. Bf4 Qa7 29. Kf1 Bxf2 30. Rxe8 Rxe8 31. gxf7 Bg1 1-0

[Event "DEM U14w 2013"]
[Site "Oberhof GER"]
[Date "2013.05.19"]
[Round "1"]
[White "Kast, Larissa"]
[Black "Wächter, Nathalie"]
[Result "0-1"]
[Termination "normal"]
[Board "6"]
[WhiteElo "1680"]
[BlackElo "1702"]
[PlyCount "76"]
[WhiteFideId "24699055"]
[BlackFideId "12921033"]
[EventCountry "GER"]
[EventRounds "9"]
[EventType "swiss"]
[EventDate "2013.05.18"]

1. e4 e5 2. Nf3 Nc6 3. d4 exd4 4. Bc4 Nf6 5. e5 d5 6. Bb5 Ne4 7. Nxd4 Bd7 8.
Bxc6 bxc6 9. O-O Be7 10. f3 Ng5 11. f4 Ne4 12. Be3 c5 13. Nb3 d4 14. Bc1 O-O
15. N1d2 Nxd2 16. Bxd2 Qc8 17. Qf3 Bf5 18. Rfc1 Kh8 19. Qd5 c6 20. Qc4 Be6 21.
Qe2 Qd8 22. Be1 Qd7 23. Nd2 f6 24. h3 fxe5 25. fxe5 Bg5 26. Rcb1 Be3+ 27. Kh1
Bxh3 28. Bg3 Bg4 29. Qd3 Qe6 30. Ne4 Qh6+ 31. Bh2 Bf5 32. Rf1 Qg6 33. Qc4 Bxe4
34. Rxf8+ Rxf8 35. Qe2 Rf2 36. Qf3 Qxg2+ 37. Qxg2 Bxg2+ 38. Kg1 Re2# 0-1

[Event "DEM U14w 2013"]
[Site "Oberhof GER"]
[Date "2013.05.19"]
[Round "1"]
[White "Nobis, Anna"]
[Black "Bach, Kira"]
[Result "1-0"]
[Termination "normal"]
[Board "7"]
[WhiteElo "1757"]
[BlackElo "1465"]
[PlyCount "99"]
[WhiteFideId "1270302"]
[BlackFideId "12907677"]
[EventCountry "GER"]
[EventRounds "9"]
[EventType "swiss"]
[EventDate "2013.05.18"]

1. e4 e6 2. d4 d5 3. Nc3 dxe4 4. Nxe4 Nd7 5. Be3 Ngf6 6. Nxf6+ Nxf6 7. Bd3 Bd6
8. Ne2 c6 9. c3 Qc7 10. Ng3 Nd5 11. Qf3 e5 12. Ne4 Be6 13. Nxd6+ Qxd6 14. Qg3
g6 15. dxe5 Qc7 16. O-O O-O-O 17. Be2 Rde8 18. Bc5 Ne7 19. Rfd1 Nf5 20. Qf4 Bd7
21. Bd6 Qb6 22. b4 f6 23. Bc4 fxe5 24. Bxe5 Rhf8 25. Qd2 Rxe5 26. Qxd7+ Kb8 27.
Re1 Rxe1+ 28. Rxe1 a6 29. h3 Ka7 30. Re8 Rf6 31. Qc8 Qxf2+ 32. Kxf2 Nd6+ 33.
Ke2 Nxc8 34. Rxc8 Kb6 35. Re8 Rf4 36. Bb3 Rf5 37. Re7 h6 38. Re6 Rg5 39. g4 h5
40. Kf3 hxg4+ 41. hxg4 a5 42. Kf4 Rb5 43. a4 axb4 44. axb5 bxc3 45. bxc6 bxc6
46. Rxg6 Kb5 47. Ba4+ Kxa4 48. Rxc6 Kb3 49. Rxc3+ Kxc3 50. g5 1-0

[Event "DEM U14w 2013"]
[Site "Oberhof GER"]
[Date "2013.05.19"]
[Round "1"]
[White "Müller, Sophie"]
[Black "Kempe, Anne"]
[Result "0-1"]
[Termination "normal"]
[Board "8"]
[WhiteElo "1422"]
[BlackElo "1782"]
[PlyCount "110"]
[WhiteFideId "12926698"]
[BlackFideId "12918083"]
[EventCountry "GER"]
[EventRounds "9"]
[EventType "swiss"]
[EventDate "2013.05.18"]

1. c4 Nf6 2. Nc3 g6 3. g3 Bg7 4. Bg2 O-O 5. Nf3 c6 6. O-O d5 7. cxd5 cxd5 8. d4
h6 9. Qb3 e6 10. e3 Nc6 11. Bd2 Na5 12. Qc2 Nc4 13. b3 Nd6 14. Ne5 Nd7 15. Nxd7
Bxd7 16. Rac1 Rc8 17. Qb1 Bc6 18. Rc2 Qd7 19. Qc1 Kh7 20. Re1 Rc7 21. Ne2 Rfc8
22. Bc3 Bb5 23. Qd2 Bxe2 24. Rxe2 Nb5 25. Re1 Nxc3 26. Rec1 Nb5 27. Bf1 Nd6 28.
Bd3 Ne4 29. Bxe4 dxe4 30. Kg2 Bf8 31. Qe2 Bd6 32. Rxc7 Rxc7 33. Rxc7 Qxc7 34.
Qc4 Qxc4 35. bxc4 b6 36. a4 Kg7 37. h3 Kf8 38. Kf1 Ke8 39. Ke2 Kd7 40. h4 Kc6
41. Kd1 Bb4 42. Ke2 Kb7 43. f3 f5 44. fxe4 fxe4 45. g4 Ka6 46. h5 gxh5 47. gxh5
Ka5 48. Kd1 Kxa4 49. Kc2 Bd6 50. Kc3 Be7 51. d5 Bf6+ 52. Kc2 exd5 53. cxd5 Kb4
54. d6 a5 55. Kb1 Kc3 0-1

[Event "DEM U14w 2013"]
[Site "Oberhof GER"]
[Date "2013.05.19"]
[Round "1"]
[White "Moses, Selina"]
[Black "Semenova, Alisa"]
[Result "1/2-1/2"]
[Termination "normal"]
[Board "9"]
[WhiteElo "1760"]
[BlackElo "1581"]
[PlyCount "63"]
[WhiteFideId "12908070"]
[BlackFideId "1272132"]
[EventCountry "GER"]
[EventRounds "9"]
[EventType "swiss"]
[EventDate "2013.05.18"]

1. e4 c5 2. Nf3 Nc6 3. d4 cxd4 4. Nxd4 g6 5. Nc3 Bg7 6. Be3 Nf6 7. Bc4 Qa5 8.
O-O O-O 9. Bb3 d6 10. h3 Rd8 11. Re1 Bd7 12. Nd5 Nxd5 13. exd5 Nxd4 14. Bxd4
Bxd4 15. Qxd4 Re8 16. Re3 Qc7 17. Rae1 Qd8 18. Qh4 e5 19. Qb4 Qb8 20. f4 a5 21.
Qd2 b5 22. c3 f6 23. fxe5 fxe5 24. Rf1 Rf8 25. Ref3 Qb6+ 26. Kh1 Bf5 27. Qg5
Be4 28. Rxf8+ Rxf8 29. Rxf8+ Kxf8 30. Qf6+ Kg8 31. Qe6+ Kf8 32. Qf6+ 1/2-1/2

[Event "DEM U14w 2013"]
[Site "Oberhof GER"]
[Date "2013.05.19"]
[Round "1"]
[White "Richardt, Angelina"]
[Black "Weis, Olga"]
[Result "1/2-1/2"]
[Termination "normal"]
[Board "10"]
[WhiteElo "1398"]
[BlackElo "1676"]
[PlyCount "86"]
[WhiteFideId "12938149"]
[BlackFideId "1270234"]
[EventCountry "GER"]
[EventRounds "9"]
[EventType "swiss"]
[EventDate "2013.05.18"]

1. e4 e5 2. Nf3 Nc6 3. Bc4 Bc5 4. c3 Nf6 5. d3 a6 6. O-O Ba7 7. h3 d6 8. Bb3 h6
9. Be3 O-O 10. Nbd2 Be6 11. Bc2 Ne7 12. d4 Ng6 13. Re1 c6 14. Nf1 Qc7 15. Ng3
Qd7 16. Qd3 Nf4 17. Bxf4 exf4 18. Ne2 g5 19. e5 dxe5 20. Nxe5 Qc7 21. Bb1 Kg7
22. Kh1 Rad8 23. Qc2 Bd5 24. h4 Be4 25. Qb3 Bxb1 26. Raxb1 Ne4 27. Qc2 Nxf2+
28. Kg1 Nd1 29. Rbxd1 Qxe5 30. Ng3 Qxe1+ 31. Rxe1 fxg3 32. h5 Rde8 33. Rf1 f5
34. Rd1 Re3 35. Kf1 Re4 36. Rd3 Rfe8 37. Qd2 Rh4 38. Rxg3 Rh1+ 39. Kf2 Rxh5 40.
Kg1 Bb8 41. Rf3 Bf4 42. Qd1 Kg6 43. Qd3 Bh2+ 1/2-1/2

[Event "DEM U14w 2013"]
[Site "Oberhof GER"]
[Date "2013.05.19"]
[Round "1"]
[White "Simon, Tessa"]
[Black "Möller, Hannah"]
[Result "1-0"]
[Termination "normal"]
[Board "11"]
[WhiteElo "1547"]
[BlackElo "1600"]
[PlyCount "45"]
[WhiteFideId "12929395"]
[BlackFideId "1270514"]
[EventCountry "GER"]
[EventRounds "9"]
[EventType "swiss"]
[EventDate "2013.05.18"]

1. e4 d5 2. exd5 Qxd5 3. Nc3 Qd8 4. d4 g6 5. h3 Nh6 6. Nf3 Bg7 7. Be3 O-O 8.
Qd2 Nf5 9. O-O-O Be6 10. h4 Bd5 11. Be2 Nc6 12. Nxd5 Qxd5 13. Kb1 b5 14. h5 b4
15. hxg6 fxg6 16. b3 Rfd8 17. Bc4 Nxe3 18. Qxe3 Qxc4 19. bxc4 Re8 20. Qe6+ Kh8
21. Qxg6 Kg8 22. Rxh7 Nxd4 23. Qxg7# 1-0

[Event "DEM U14w 2013"]
[Site "Oberhof GER"]
[Date "2013.05.19"]
[Round "1"]
[White "Hacklinger, Dilan"]
[Black "Diener, Carolin Valeria"]
[Result "0-1"]
[Termination "normal"]
[Board "12"]
[WhiteElo "1313"]
[BlackElo "1730"]
[PlyCount "160"]
[WhiteFideId "12952150"]
[BlackFideId "24699063"]
[EventCountry "GER"]
[EventRounds "9"]
[EventType "swiss"]
[EventDate "2013.05.18"]

1. e4 e5 2. f4 Bc5 3. Nf3 d6 4. Nc3 Bg4 5. Be2 Bxf3 6. Bxf3 a6 7. d3 Nc6 8. Bd2
Nge7 9. Na4 Ba7 10. Nc3 O-O 11. f5 Nd4 12. h4 d5 13. h5 h6 14. g4 dxe4 15. Bxe4
Qd6 16. Rg1 Rab8 17. Rg2 Kh8 18. g5 Ndxf5 19. Bxf5 Nxf5 20. Qg4 Ne3 21. Bxe3
Bxe3 22. gxh6 Bxh6 23. a3 Qd4 24. Qxd4 exd4 25. Ne2 Rbe8 26. Kf1 Be3 27. Re1
Re6 28. Ng3 Rf6+ 29. Ke2 Re8 30. Ne4 Rb6 31. b3 Rc6 32. Kd1 Re5 33. Rh2 Rh6 34.
Rf1 f6 35. Ng3 Kg8 36. Rf5 Kf7 37. Rxe5 fxe5 38. Nf5 Rc6 39. Nxe3 dxe3 40. Re2
Rh6 41. Rxe3 Rxh5 42. Ke2 Kf6 43. Re4 g5 44. d4 exd4 45. Rxd4 Rh7 46. Rd8 Rg7
47. Ke3 Ke5 48. Re8+ Kd6 49. Kf3 Kd5 50. Kg4 Kd4 51. Re2 Kc3 52. a4 c5 53. Rf2
Kb4 54. Re2 Kc3 55. a5 Kb4 56. Re5 Rc7 57. Kxg5 Kxa5 58. c3 Kb5 59. Kf4 Rd7 60.
Ke4 Rd1 61. c4+ Kb4 62. Rd5 Rb1 63. Rd7 Rxb3 64. Rxb7+ Kxc4 65. Ra7 Ra3 66. Ke5
a5 67. Kd6 Ra1 68. Rc7 Rd1+ 69. Kc6 Rf1 70. Kb6 Kb4 71. Rh7 Rf6+ 72. Kb7 c4 73.
Rh4 a4 74. Rh1 a3 75. Rb1+ Kc3 76. Rc1+ Kb3 77. Rb1+ Kc2 78. Ra1 Kb2 79. Rd1 c3
80. Rd3 a2 0-1

[Event "DEM U14w 2013"]
[Site "Oberhof GER"]
[Date "2013.05.19"]
[Round "1"]
[White "Kluge, Leyla"]
[Black "Giede, Anna-Blume"]
[Result "1/2-1/2"]
[Termination "normal"]
[Board "13"]
[WhiteElo "1678"]
[BlackElo "1455"]
[PlyCount "68"]
[WhiteFideId "12918172"]
[BlackFideId "12921980"]
[EventCountry "GER"]
[EventRounds "9"]
[EventType "swiss"]
[EventDate "2013.05.18"]

1. c4 c6 2. Nc3 d5 3. cxd5 cxd5 4. d4 Nf6 5. Bf4 Nc6 6. e3 a6 7. Nf3 Qb6 8. Qd2
Bf5 9. Rc1 e6 10. Be2 Bb4 11. Bd3 Bxd3 12. Qxd3 Ba5 13. Qe2 Ne4 14. O-O Bxc3
15. bxc3 Qa5 16. Qb2 b5 17. Nd2 Nxd2 18. Qxd2 O-O 19. Qe2 Rfc8 20. Qg4 Ne7 21.
Bd6 Ng6 22. a3 Rc6 23. Bb4 Qc7 24. Qe2 Rc4 25. Qb2 Nf8 26. Bxf8 Kxf8 27. Rc2
Rc8 28. Rfc1 Qa5 29. Qb3 Ke7 30. h3 Kf6 31. f3 h6 32. e4 dxe4 33. fxe4 Ke7 34.
e5 Qc7 1/2-1/2

[Event "DEM U14w 2013"]
[Site "Oberhof GER"]
[Date "2013.05.19"]
[Round "1"]
[White "Silber, Stefanie"]
[Black "Gatzke, Carolin"]
[Result "0-1"]
[Termination "normal"]
[Board "14"]
[WhiteElo "1253"]
[BlackElo "1608"]
[PlyCount "92"]
[WhiteFideId "12918245"]
[BlackFideId "12943746"]
[EventCountry "GER"]
[EventRounds "9"]
[EventType "swiss"]
[EventDate "2013.05.18"]

1. e4 c5 2. Nc3 a6 3. g3 Nc6 4. Bg2 d6 5. d3 Nf6 6. f4 e6 7. Nf3 Be7 8. O-O O-O
9. Be3 Qc7 10. h3 d5 11. Bf2 b5 12. e5 Nd7 13. Qe2 Bb7 14. Nh2 Rfe8 15. Qg4 Bf8
16. Ne2 f6 17. exf6 Nxf6 18. Qf3 d4 19. g4 Nd8 20. Qg3 Bd6 21. Bxb7 Nxb7 22.
Qf3 e5 23. fxe5 Bxe5 24. Bg3 Bxg3 25. Qxg3 Qc6 26. Rae1 Re3 27. Qg2 Qc7 28. Nf3
Rae8 29. Ng3 Nd5 30. Ne4 Rf8 31. Nfg5 Nf4 32. Qh2 h6 33. Nf3 Nd6 34. Rxe3 dxe3
35. Nxd6 Qxd6 36. Re1 e2 37. Kf2 Nxd3+ 38. cxd3 Qxh2+ 39. Ke3 Qxh3 40. Kxe2
Qxf3+ 41. Kd2 Qxg4 42. a3 Rf2+ 43. Kc1 Qf4+ 44. Kb1 Qd2 45. Re2 Rxe2 46. b4
Qb2# 0-1

[Event "DEM U14w 2013"]
[Site "Oberhof GER"]
[Date "2013.05.19"]
[Round "2"]
[White "Kempe, Anne"]
[Black "Brandl, Lea"]
[Result "1-0"]
[Termination "normal"]
[Board "1"]
[WhiteElo "1782"]
[BlackElo "1708"]
[PlyCount "87"]
[WhiteFideId "12918083"]
[BlackFideId "24693049"]
[EventCountry "GER"]
[EventRounds "9"]
[EventType "swiss"]
[EventDate "2013.05.18"]

1. e4 c5 2. Nf3 d6 3. d4 cxd4 4. Nxd4 Nf6 5. Nc3 a6 6. Bg5 e6 7. f4 Qb6 8. Qd2
Nc6 9. Bxf6 gxf6 10. Nb3 Qc7 11. O-O-O Bd7 12. Be2 h5 13. Rhf1 O-O-O 14. Rf3
Kb8 15. Rh3 h4 16. Qe1 Be7 17. Rxh4 Rxh4 18. Qxh4 f5 19. Qh7 fxe4 20. Qxf7 Rf8
21. Qh5 Rxf4 22. g3 Rf5 23. Qg6 d5 24. h4 Rf6 25. Qg7 Be8 26. h5 Rf7 27. Qg4
Qe5 28. Qh3 Bg5+ 29. Nd2 Nd4 30. Kb1 Bf6 31. Re1 Rc7 32. g4 Nxe2 33. Rxe2 d4
34. Rxe4 Qc5 35. Nb3 Qc4 36. g5 Bxg5 37. Nxd4 Bc6 38. Nxc6+ Qxc6 39. h6 Rh7 40.
Qg3+ Ka7 41. Qxg5 Rf7 42. Qg1+ b6 43. a3 Rc7 44. Qg8 1-0

[Event "DEM U14w 2013"]
[Site "Oberhof GER"]
[Date "2013.05.19"]
[Round "2"]
[White "Sieber, Fiona"]
[Black "Nobis, Anna"]
[Result "1-0"]
[Termination "normal"]
[Board "2"]
[WhiteElo "1836"]
[BlackElo "1757"]
[PlyCount "103"]
[WhiteFideId "12902373"]
[BlackFideId "1270302"]
[EventCountry "GER"]
[EventRounds "9"]
[EventType "swiss"]
[EventDate "2013.05.18"]

1. e4 c5 2. Nf3 Nc6 3. d4 cxd4 4. Nxd4 e5 5. Nb5 d6 6. N1c3 a6 7. Na3 Be7 8.
Nd5 Nf6 9. Be3 Nxd5 10. exd5 Nb8 11. Nc4 Nd7 12. a4 b6 13. a5 b5 14. Bb6 Nxb6
15. Nxb6 Ra7 16. Bd3 O-O 17. O-O f5 18. f3 Bg5 19. Qe2 Rc7 20. c4 bxc4 21. Bxc4
Ra7 22. Ra3 Qc7 23. Qf2 Bd7 24. Rc3 Qb7 25. Qe2 Rf7 26. Kh1 Be8 27. Bd3 Rf8 28.
Nc8 Ra8 29. Nxd6 Qb4 30. Nxf5 Qxa5 31. Ra3 Qc7 32. d6 Qc5 33. Qe4 Bb5 34. Rc3
Bxd3 35. Rxc5 Bxe4 36. fxe4 g6 37. Ng3 Bf4 38. Rf3 Rab8 39. b3 Rb6 40. Rd3 Rd8
41. d7 Kf7 42. Ne2 Ke6 43. Nxf4+ exf4 44. Rcd5 Rb4 45. Rd6+ Ke7 46. e5 Re4 47.
Kg1 Rxe5 48. Rxa6 Rb5 49. Ra7 g5 50. Rh3 Rh8 51. d8=Q+ Kxd8 52. Ra8+ 1-0

[Event "DEM U14w 2013"]
[Site "Oberhof GER"]
[Date "2013.05.19"]
[Round "2"]
[White "Diener, Carolin Valeria"]
[Black "Sherif, Amina"]
[Result "1-0"]
[Termination "normal"]
[Board "3"]
[WhiteElo "1730"]
[BlackElo "1630"]
[PlyCount "73"]
[WhiteFideId "24699063"]
[BlackFideId "12911690"]
[EventCountry "GER"]
[EventRounds "9"]
[EventType "swiss"]
[EventDate "2013.05.18"]

1. e4 c5 2. Nc3 Nc6 3. Bb5 Nd4 4. Bc4 e6 5. d3 a6 6. a4 Nf6 7. Nge2 d5 8. exd5
exd5 9. Ba2 Ne6 10. O-O Bd6 11. Ng3 Bxg3 12. fxg3 O-O 13. Ne2 Bd7 14. c3 Re8
15. Kh1 h6 16. Ng1 Nc7 17. Bf4 Bg4 18. Qd2 Rc8 19. Qf2 Nh7 20. Qxc5 Nf6 21. Qf2
h5 22. Bg5 Qd6 23. Bxf6 gxf6 24. Qxf6 Qxf6 25. Rxf6 Re5 26. Raf1 Be6 27. d4 Rg5
28. Nf3 Rf5 29. Rxf5 Bxf5 30. Ng5 Bg6 31. h4 Re8 32. Nh3 Re2 33. Rf2 Re1+ 34.
Kh2 Kf8 35. Nf4 Be4 36. Nxh5 Ne6 37. Nf6 1-0

[Event "DEM U14w 2013"]
[Site "Oberhof GER"]
[Date "2013.05.19"]
[Round "2"]
[White "Wächter, Nathalie"]
[Black "Simon, Tessa"]
[Result "1-0"]
[Termination "normal"]
[Board "4"]
[WhiteElo "1702"]
[BlackElo "1547"]
[PlyCount "41"]
[WhiteFideId "12921033"]
[BlackFideId "12929395"]
[EventCountry "GER"]
[EventRounds "9"]
[EventType "swiss"]
[EventDate "2013.05.18"]

1. e4 e5 2. Nf3 Nc6 3. Bc4 Bc5 4. c3 Nf6 5. d3 d6 6. O-O O-O 7. Nbd2 Bg4 8. h3
Bh5 9. Re1 Re8 10. Nf1 h6 11. Ng3 Bg6 12. Bb3 Qd7 13. Nh4 Bh7 14. Qf3 Ne7 15.
Bxh6 Ng6 16. Bg5 Nxh4 17. Bxh4 Qe7 18. Nh5 Kf8 19. Nxf6 gxf6 20. Bxf6 Qd7 21.
Qh5 1-0

[Event "DEM U14w 2013"]
[Site "Oberhof GER"]
[Date "2013.05.19"]
[Round "2"]
[White "Gatzke, Carolin"]
[Black "Rogozenco, Teodora"]
[Result "1-0"]
[Termination "normal"]
[Board "5"]
[WhiteElo "1608"]
[BlackElo "1821"]
[PlyCount "125"]
[WhiteFideId "12943746"]
[BlackFideId "12938084"]
[EventCountry "GER"]
[EventRounds "9"]
[EventType "swiss"]
[EventDate "2013.05.18"]

1. e4 d6 2. d4 Nf6 3. Nc3 e5 4. dxe5 dxe5 5. Qxd8+ Kxd8 6. Bc4 Ke8 7. Nf3 Bd6
8. Bg5 c6 9. O-O Nbd7 10. Rad1 Bc7 11. h3 Nc5 12. Rfe1 Ke7 13. b4 Ne6 14. Bh4
b5 15. Bb3 a5 16. a3 h6 17. Bg3 Nd7 18. Nh4 g6 19. Ne2 Ng5 20. Bxe5 Nxe5 21. f4
Nef3+ 22. Nxf3 Nxf3+ 23. gxf3 Bxh3 24. Nd4 Bd7 25. e5 Bb6 26. e6 Bxe6 27. Bxe6
Bxd4+ 28. Rxd4 fxe6 29. Rde4 Kf7 30. Rxe6 Rhe8 31. Rxe8 Rxe8 32. Rxe8 Kxe8 33.
bxa5 Kd7 34. Kg2 Kc7 35. f5 gxf5 36. Kg3 Kb7 37. Kf4 Ka6 38. Kxf5 Kxa5 39. Kg6
Ka4 40. f4 Kxa3 41. f5 Kb2 42. f6 b4 43. f7 Kxc2 44. f8=Q b3 45. Qc5+ Kb1 46.
Qxc6 b2 47. Kxh6 Ka2 48. Qa4+ Kb1 49. Kg5 Kc1 50. Qc4+ Kd2 51. Qb3 Kc1 52. Qc3+
Kb1 53. Kf4 Ka2 54. Qc2 Ka1 55. Qa4+ Kb1 56. Ke3 Kc1 57. Qc4+ Kd1 58. Qb3+ Kc1
59. Qc3+ Kb1 60. Kd2 Ka2 61. Qa5+ Kb3 62. Qd5+ Ka3 63. Kc2 1-0

[Event "DEM U14w 2013"]
[Site "Oberhof GER"]
[Date "2013.05.19"]
[Round "2"]
[White "Wiesner, Paula"]
[Black "Richardt, Angelina"]
[Result "1-0"]
[Termination "normal"]
[Board "6"]
[WhiteElo "1831"]
[BlackElo "1398"]
[PlyCount "55"]
[WhiteFideId "24654019"]
[BlackFideId "12938149"]
[EventCountry "GER"]
[EventRounds "9"]
[EventType "swiss"]
[EventDate "2013.05.18"]

1. e4 e5 2. Nf3 d6 3. d4 exd4 4. Nxd4 Nf6 5. Nc3 c6 6. Be2 Be7 7. Bf4 O-O 8.
Qd2 Bd7 9. Nb3 Be6 10. O-O-O d5 11. Qe3 Qd7 12. Bf3 Rd8 13. Rhe1 Qe8 14. exd5
cxd5 15. Nxd5 Nxd5 16. Bxd5 Bxd5 17. Qxe7 Qxe7 18. Rxe7 Nc6 19. Rxb7 Bxg2 20.
Rbd7 Rxd7 21. Rxd7 f6 22. Nc5 Rc8 23. Rc7 Re8 24. Be3 a5 25. Nb3 a4 26. Nc5 Ra8
27. Ne6 g6 28. Rg7+ 1-0

[Event "DEM U14w 2013"]
[Site "Oberhof GER"]
[Date "2013.05.19"]
[Round "2"]
[White "Schumann, Rabea"]
[Black "Moses, Selina"]
[Result "0-1"]
[Termination "normal"]
[Board "7"]
[WhiteElo "1497"]
[BlackElo "1760"]
[PlyCount "66"]
[WhiteFideId "12918199"]
[BlackFideId "12908070"]
[EventCountry "GER"]
[EventRounds "9"]
[EventType "swiss"]
[EventDate "2013.05.18"]

1. c4 e5 2. g3 Nf6 3. Bg2 d5 4. cxd5 Nxd5 5. Nc3 Nb6 6. Nf3 Nc6 7. O-O Be7 8.
b3 O-O 9. Bb2 f5 10. e3 e4 11. Ne1 Nb4 12. f3 exf3 13. Bxf3 c6 14. a3 N4d5 15.
Nxd5 Nxd5 16. Nc2 Bf6 17. Bxf6 Nxf6 18. Nd4 c5 19. Ne2 Ne4 20. d4 cxd4 21. Nxd4
Qe7 22. Qd3 Nd6 23. Bd5+ Kh8 24. e4 Nxe4 25. Bxe4 fxe4 26. Qxe4 Rxf1+ 27. Rxf1
Qd8 28. Qe5 Bh3 29. Rf7 Qg8 30. Qe7 Re8 31. Qh4 Qxf7 32. Qxh3 Re1+ 33. Kg2 Qf1#
0-1

[Event "DEM U14w 2013"]
[Site "Oberhof GER"]
[Date "2013.05.19"]
[Round "2"]
[White "Weis, Olga"]
[Black "Denkert, Anna"]
[Result "1-0"]
[Termination "normal"]
[Board "8"]
[WhiteElo "1676"]
[BlackElo "1592"]
[PlyCount "63"]
[WhiteFideId "1270234"]
[BlackFideId "12938122"]
[EventCountry "GER"]
[EventRounds "9"]
[EventType "swiss"]
[EventDate "2013.05.18"]

1. e4 e6 2. d4 d5 3. Nd2 Nf6 4. e5 Nfd7 5. Bd3 c5 6. c3 Nc6 7. Ne2 cxd4 8. cxd4
f6 9. exf6 Nxf6 10. O-O Bd6 11. Nf3 O-O 12. a3 Qc7 13. Bd2 Qf7 14. Ng3 Bxg3 15.
hxg3 Ng4 16. Bxh7+ Kh8 17. Qc2 Qh5 18. Bg6 Nxd4 19. Bxh5 Nxc2 20. Rac1 Rxf3 21.
Rxc2 Rf8 22. Bxg4 e5 23. Bxc8 Raxc8 24. Rxc8 Rxc8 25. Rc1 Rb8 26. Kf1 Kh7 27.
Rc7 Kg6 28. Ke2 Kf6 29. f4 e4 30. Bc3+ Kf5 31. Rxg7 a6 32. Ke3 1-0

[Event "DEM U14w 2013"]
[Site "Oberhof GER"]
[Date "2013.05.19"]
[Round "2"]
[White "Semenova, Alisa"]
[Black "Kluge, Leyla"]
[Result "1/2-1/2"]
[Termination "normal"]
[Board "9"]
[WhiteElo "1581"]
[BlackElo "1678"]
[PlyCount "85"]
[WhiteFideId "1272132"]
[BlackFideId "12918172"]
[EventCountry "GER"]
[EventRounds "9"]
[EventType "swiss"]
[EventDate "2013.05.18"]

1. e4 c5 2. Nc3 Nc6 3. g3 g6 4. Bg2 Bg7 5. d3 Nf6 6. Be3 d6 7. h3 O-O 8. Qd2 a6
9. Bh6 Qb6 10. Rb1 Nd4 11. Bxg7 Kxg7 12. Nd1 Be6 13. b3 Qc7 14. c3 Nc6 15. f4
Rh8 16. Ne2 Rac8 17. Rc1 Qb6 18. Nf2 Qa7 19. d4 cxd4 20. cxd4 d5 21. e5 Ne4 22.
Nxe4 dxe4 23. Bxe4 Rhd8 24. Rc5 Nxd4 25. Rxc8 Nf3+ 26. Bxf3 Rxd2 27. Kxd2 Bxc8
28. g4 Qf2 29. Be4 Qb6 30. Rc1 Qb4+ 31. Nc3 Qd4+ 32. Ke2 b5 33. Kf3 g5 34. Ne2
Qd7 35. fxg5 Bb7 36. Bxb7 Qxb7+ 37. Kf2 Qe4 38. Rc5 Qg6 39. Kg3 Qxg5 40. Nf4
Qh6 41. Nh5+ Kg6 42. Nf4+ Kg7 43. Nh5+ 1/2-1/2